Statistics for International Stock Exchanges Quiz

Click here to take the quiz!

General Stats

  • This quiz has been taken 548 times
  • The average score is 12 of 18

Answer Stats

Tracking IndexContinentCity% Correct
NASDAQNorth AmericaNew York City
99%
FTSE 100EuropeLondon
93%
Nikkei 225AsiaTokyo
91%
KOSPISeoulSeoul
86%
ASX 200AustraliaSydney
86%
Hang SengAsiaHong Kong
85%
CAC 40EuropeParis
84%
SSEAsiaShanghai
76%
DAXEuropeFrankfurt
71%
JSEAfricaJohannesburg
69%
IBEX 35EuropeMadrid
69%
TSXNorth AmericaToronto
67%
IbovespaSouth AmericaSão Paulo
59%
MICEX EuropeMoscow
50%
BSE 30AsiaMumbai
46%
NZSX50AustraliaWellington
43%
SMIEuropeZurich
40%
SZSEAsiaShenzhen
25%

Score Distribution

Percentile by Number Answered

Percent of People with Each Score

Your Score History

You have not taken this quiz